header

Summary measures of population health (Record no. 23118)

MARC details
000 -LEADER
fixed length control field 01156nam a2200277Ia 4500
245 00 - TITLE STATEMENT
Title Summary measures of population health
260 ## - PUBLICATION, DISTRIBUTION, ETC. (IMPRINT)
Place of publication Geneva :
Name of publisher World Health Organization,
Year of publication c2002.
300 ## - PHYSICAL DESCRIPTION
Number of Pages xxviii, 770 p. :
Other physical details ill.
650 #0 - SUBJECT ADDED ENTRY--TOPICAL TERM
Topical Term Health status indicators.
Topical Term Medical ethics.
700 1# - ADDED ENTRY--PERSONAL NAME
Personal name Murray, Christopher J. L.
856 40 - ELECTRONIC LOCATION AND ACCESS
Uniform Resource Identifier http://site.ebrary.com/lib/rucke/Doc?id=10026363

No items available.

© 2026 Rongo University
Contact us: librarian | system librarian | Rongo university